000 00442nam a2200181Ia 4500
005 20241218061002.0
008 240331s9999 xx 000 0 und d
020 _a8131600955
082 _bJAY
_25763
_a305
245 0 _aRural Women in South Asia
260 _aJaipur
_bRawat Publications
_c2007
300 _ax, 294 p.,
650 _aWomen
650 _aRural
700 _aArunachalam, J
_eedt
700 _aKalpagam, U
_eedt
942 _cL
999 _c2478
_d2478